| 000 | 01047nam a2200241Ia 4500 | ||
|---|---|---|---|
| 003 | OSt | ||
| 005 | 20210810153052.0 | ||
| 008 | 210310s1994 sp fr 000 0 spa d | ||
| 020 | _a8449001021 | ||
| 040 |
_aCO-JMCR _cCO-JMCR |
||
| 041 | 0 | _aspa | |
| 082 | 0 | 4 |
_a332.6 / _bR669r _223 |
| 100 | 1 |
_aRocabert, Joan Pascal i, _916845 _eautor |
|
| 245 | 1 | 3 |
_aLa rentabilidad de un proyecto público / _cJoan Pascal i Rocabert |
| 250 | _aPrimera edición | ||
| 260 |
_aBogotá : _bUniversidad Autónoma de Barcelona, _c1994 |
||
| 300 |
_a85 páginas ; _c28 cm. |
||
| 490 | 0 |
_aMaterials ; _vNúmero 7 |
|
| 504 | _aBibliografía: páginas 69-71 | ||
| 505 | 0 | _aLa definición de los objetos -- Determinación del ámbito relevante para el proyecto -- La valoración -- El cálculo de la rentabilidad. Los métodos clásicos -- Nuevas aportaciones al cálculo de la rentabilidad -- Modelos dinámicos -- Algunas reglas de carácter práctico -- Casos particulares | |
| 650 | 1 | 4 |
_aProyectos públicos _916847 _vProblemática _xEvaluación |
| 942 |
_2ddc _cBK |
||
| 999 |
_c8286 _d8286 |
||